|
|
|
|
| LEADER |
00000cab a2200000 a 4500 |
| 001 |
032703 |
| 003 |
UAHC_CL |
| 005 |
20170803123529.0 |
| 008 |
030915b xx j 000 1 spa |
| 040 |
|
|
|a UAHC_CL
|c UAHC_CL
|d UAHC_CL
|
| 100 |
1 |
|
|a Chuaqui, Tomás A.
|
| 245 |
1 |
3 |
|a La ciudad de Dios de Agustín de Hipona :
|b selección de textos políticos /
|c Tomás A. Chuaqui.
|
| 260 |
|
|
|b Centro de Estudios Públicos
|c 2005
|a Santiago, Chile
|
| 300 |
|
|
|a p. 273-390
|
| 500 |
|
|
|a En: Estudios Públicos. -- Nº99 (invierno, 2005), p. 273-390. ISSN 07161115
|
| 500 |
|
|
|a En: Estudios Públicos. -- Nº99 (invierno, 2005), p. 273-390. ISSN 07161115
|
| 500 |
|
|
|a En: Estudios Públicos. -- N∫99 (invierno, 2005), p. 273-390. ISSN 07161115
|
| 759 |
|
|
|a PP068
|
| 773 |
0 |
|
|t Estudios públicos
|w 032045
|
| 900 |
|
|
|a ESTUDIOS PUBLICOS-99/05
|
| 942 |
|
|
|c REVA
|
| 952 |
|
|
|0 0
|1 0
|4 0
|6 ESTUDIOS_PUBLICOS99_05_000000000000000
|7 0
|8 General
|9 63125
|a BC
|b BC
|c General
|d 2017-08-03
|l 0
|o ESTUDIOS PUBLICOS-99/05
|p FICTICIO3462
|r 2019-01-08 00:00:00
|t 1
|w 2017-08-03
|y REVA
|
| 999 |
|
|
|c 32703
|d 32703
|